Local organizations in decentralized development (Record no. 70072)
[ view plain ]
| 000 -LEADER | |
|---|---|
| fixed length control field | 01138nam a2200289Ia 4500 |
| 100 1# - MAIN ENTRY--AUTHOR NAME | |
| Personal name | Alsop, Ruth. |
| 245 10 - TITLE STATEMENT | |
| Title | Local organizations in decentralized development |
| 260 ## - PUBLICATION, DISTRIBUTION, ETC. (IMPRINT) | |
| Place of publication | Washington, D.C. : |
| Name of publisher | The World Bank, |
| Year of publication | c2005. |
| 300 ## - PHYSICAL DESCRIPTION | |
| Number of Pages | xii, 167 p. |
| 500 ## - GENERAL NOTE | |
| General note | Includes index. |
| 650 #0 - SUBJECT ADDED ENTRY--TOPICAL TERM | |
| Topical Term | Nonprofit organizations |
| Topical Term | Charities |
| 700 1# - ADDED ENTRY--PERSONAL NAME | |
| Personal name | Kurey, Brian. |
| 856 40 - ELECTRONIC LOCATION AND ACCESS | |
| Uniform Resource Identifier | http://site.ebrary.com/lib/rucke/Doc?id=10089214 |
No items available.
